000
00333nam a2200133Ia 4500
008
231017s9999 xx 000 0 und d
082
_a
363.1251
082
_b
KUN
245
0
_a
Traffic management for high speed networks
245
0
_c
National Academy Press
260
_b
National Academy Press
300
_c
30cm
942
_c
REP
999
_c
605531
_d
605531